000 01033nam0a22002291i 4500
001 rc\919788
005 20240726005816.0
035 _a(NLR Aleph) 006093903
090 _a5187908
_c5187908
100 _a20041129d1982 u |0rusy50 ca
101 0 _arus
102 _aRU
105 _ay |||||||||
200 1 _aЭстетическое воспитание в младших классах школы искусств на основе творческой активности ребенка
_e(На материалах I-IV кл. школы искусств им. А. Вирсаладзе г. Тбилиси)
_eАвтореф. дис. на соиск. учен. степ. канд. пед. наук
_e(13.00.01)
210 _aТбилиси
_d1982
215 _a26 с.
300 _aВ надзаг.: НИИ пед. наук им. Я.С. Гогебашвили
700 1 _aДжикия
_bЛ.Л.
_gЛиана Лаврентьевна
801 0 _aRU
_bNLR
_gpsbo
801 1 _aRU
_bELAR
_2rusmarc
852 _aNLR
_j83-6/462
942 _cBOOK